00852cam a22002054a 4500020002500000020002200025020002500047040000800072082002600080245009800106260018900204300003300393650002200426650001600448650001500464700002100479700002000500710008400520710004200604 a9789812304032 (pbk.) a9812304037 (pbk.) a9789812304124 (hard) cHUA a307 SOU 2007 A077 Co.00aReasserting the rural development agenda :blessons learned and emerging challenges in Asia / aCollege, Los Baños, Laguna, Philippines :bSoutheast Asian Regional Center for Graduate Study and Research in Agriculture ;aSingapore :bInstitute of Southeast Asian Studies,c2007. axx, 414 p. :bill. ;c24 cm. 0aRural development 0aAgriculture 0aRural poor1 aBalisacan, A. M.1 aFuwa, Nobuhiko.2 aSoutheast Asian Regional Centre for Graduate Study and Research in Agriculture.2 aInstitute of Southeast Asian Studies.